| 000 | 00684nam a2200277 a 4500 | ||
|---|---|---|---|
| 001 | UByD002518 | ||
| 003 | AR-LpoUNG | ||
| 005 | 20240311111405.0 | ||
| 008 | 240311s1984||||sp |||||||||||||||||spa d | ||
| 020 | _a8425315271 | ||
| 040 |
_aAR-LpoUNG _bspa _eaacr |
||
| 041 | _aspa | ||
| 044 | _asp | ||
| 082 | 0 | _aR510 442dic | |
| 100 | 1 | _aChambadal, Lucien | |
| 245 | 1 | 0 | _aDiccionario de matemáticas |
| 260 |
_aMadrid : _bGrijalbo, _c1984. |
||
| 300 |
_a294 p. : _bgráfs., tbls. |
||
| 650 | 4 | _aMATEMATICAS | |
| 650 | 4 | _aDICCIONARIOS | |
| 650 | 4 | _aMATERIAL DE REFERENCIA | |
| 650 | 4 | _aTERMINOLOGIA | |
| 700 | 1 |
_aCoch, José _etr. |
|
| 905 | _a5294 | ||
| 942 |
_cLSALA _2ddc |
||
| 999 |
_c65042 _d65042 |
||